000 00272nam a2200121Ia 4500
005 20251028132448.0
008 251020t2017||||xx |||||||||||||| ||spa||
041 _aspa
100 _aParra Benítez, Jorge
245 0 _aDerecho de familia
260 _c2017
942 _CLB
_cLB
999 _c2594
_d2594